| 000 | 00667nam a22001697a 4500 | ||
|---|---|---|---|
| 999 |
_c11561 _d11561 |
||
| 008 | 181212b ||||| |||| 00| 0 eng d | ||
| 082 |
_22017 _aUT 1093 _bG26 |
||
| 100 |
_aGecana, Michael John T. _933143 |
||
| 245 |
_aPrevalence of theft : _bbasis for theft prevention program / _cMichael John T. Gecana, James Bryan B. Andrade, and Berne D. Calamba |
||
| 260 |
_aDigos City: _bUMDC _cNovember 2017. |
||
| 300 |
_a34 pages ; _b29 cm. |
||
| 650 |
_aCriminal Justice Education _vCriminology _xUndergraduate Thesis. _933107 |
||
| 700 |
_aGecana, Michael John T. _933143 |
||
| 700 |
_aAndrade, James Bryan B. _933144 |
||
| 700 |
_aCalamba, Berne D. _933145 |
||
| 942 |
_2ddc _cUT |
||